000 00317nam a2200133Ia 4500
008 240703s9999 xx 000 0 und d
041 _aeng
100 _aLloyd
245 _aPerformance Appraisals and Phrases For Dummies
260 _bWiley
365 _cRS.
_b 199.00
906 _b35
999 _c40831
_d40831